00542nam a2200133Ia 4500008004100000100001900041245015400060245004300214260005300257260001400310300000800324650001500332856006100347170221s9999 xx 000 0 und d aShouvik Sanyal 3aAn Analysis of the Impact of Service Quality and Passenger Satisfaction on Passenger Preference for Airlines : A Study of the Indian Aviation Sector  cShouvik Sanyal, Mohammed Wamique Hisam bInternational Review of Management and Marketing cJune 2016 a5:2 xMarketing. uhttp://www.econjournals.com/index.php/irmm/issue/view/72